| 000 | 01161cas a2200337 i 4500 | ||
|---|---|---|---|
| 999 |
_c200442931 _d61143 |
||
| 001 | 200442931 | ||
| 003 | TR-AnTOB | ||
| 005 | 20240426091603.0 | ||
| 007 | ta | ||
| 008 | 210813s1981 tu u p 0 0eng d | ||
| 040 |
_aTR-AnTOB _beng _erda _cTR-AnTOB _dTR-AnTOB |
||
| 041 | 0 | _aeng | |
| 050 | 1 | 4 |
_aKKX12 _b.T87 1981 |
| 090 |
_aTOBBK KKX12 _b.T87 1981 |
||
| 245 | 0 | 0 | _aTurkish legislation. |
| 246 | 3 | 0 | _aLaw for the encouragement of foreign capital. |
| 246 | 3 | 0 | _aDecrees concemmy the liguidataion of unguaranteed trade debts. |
| 246 | 3 | 0 | _aCircular concerning the Izmir international fair. |
| 246 | 3 | 0 | _aResolution concerning speciev foreign credits and interest equalization fund. |
| 246 | 3 | 0 | _aPrefinancing credits. |
| 264 | 1 |
_aİstanbul : _bHisarbank, _c1981. |
|
| 300 |
_a5 volumes ; _c30 cm |
||
| 336 |
_atext _btxt _2rdacontent |
||
| 337 |
_aunmediated _bn _2rdamedia |
||
| 338 |
_avolume _bnc _2rdacarrier |
||
| 490 | 0 |
_aHisarbank. Publication Series by ; _vJanuary 1981 _vMay 1981 _vJune 1981 _vOctober 1981 |
|
| 650 | 0 |
_aLaw _zTurkey _9120043 |
|
| 942 |
_2z _cBK |
||